000 00942cam a22002531 4500
001 8687225
003 ARRUPE
005 20161108113633.0
008 760519s1908 enka 001 0 eng
010 _a 09004926
035 _a(OCoLC)2182495
040 _aDLC
_cCtFaU
_dOCoLC
_dDLC
042 _apremarc
050 0 0 _aBV823
_b.B7 1908
100 1 _aBridgett, T. E.
_q(Thomas Edward),
_d1829-1899.
_927362
245 1 2 _aA history of the Holy Eucharist in Great Britain,
_cby T. E. Bridgett, C.SS.R. With notes by H. Thurston, S.J.
260 _aLondon,
_bBurns & Oates;
_aSt. Louis, Mo.,
_bB. Herder,
_c1908.
300 _a2 p. l., [vii]-xix, 324, [1] p.
_bincl. front., illus.
_c34 cm.
500 _aRearranged and curtailed. cf. Editorial note, p. vii.
650 0 _aLord's Supper.
_927363
700 1 _aThurston, Herbert,
_d1856-1939,
_eeditor.
_927364
906 _a7
_bcbc
_coclcrpl
_du
_encip
_f19
_gy-gencatlg
942 _2lcc
_cMONOGRAPH
999 _c125698
_d125698